Countries Containing The Letter: D - Statistics

General Stats
  • This quiz has been taken 16 times
  • The average score is 46 of 50
Answer Stats
Answer % Correct
Canada
100%
Chad
100%
Denmark
100%
Djibouti
100%
Dominica
100%
Dominican Republic
100%
Finland
100%
India
100%
Indonesia
100%
Ireland
100%
New Zealand
100%
Poland
100%
South Sudan
100%
Sudan
100%
Sweden
100%
Uganda
100%
United Kingdom
100%
United States
100%
Bangladesh
94%
Cambodia
94%
Cape Verde
94%
Iceland
94%
Jordan
94%
Madagascar
94%
Maldives
94%
Marshall Islands
94%
Moldova
94%
Netherlands
94%
Saint Vincent and the Grenadines
94%
Saudi Arabia
94%
Solomon Islands
94%
Switzerland
94%
Thailand
94%
Trinidad and Tobago
94%
United Arab Emirates
94%
Andorra
88%
Antigua and Barbuda
88%
Barbados
88%
Democratic Republic of the Congo
88%
Grenada
88%
Honduras
88%
North Macedonia
88%
Burundi
81%
Ecuador
81%
Rwanda
81%
El Salvador
75%
Bosnia and Herzegovina
69%
Saint Kitts and Nevis
69%
Sao Tome and Principe
69%
Cayman Islands
19%
No matching quizzes found
Score Distribution
Percent of People with Each Score
Percentile by Number Answered
Your Score History
You have not taken this quiz